000
00269nam a22001097a 4500
999
_c
168335
_d
168335
082
_a
_b
100
_a
Rekha Basanth Patil
245
_a
Samanthar kahani meim yadarthbodh/
_c
by Rekha Basanth Patil.
260
_a
Mathura:
_b
Jawahar,
_c
2005.
650
_a
942
_c
BK